El Intercambio desigual
Na minha lista:
| Autor principal: | |
|---|---|
| Formato: | Texto |
| Publicado em: |
México D.F:
Siglo Veintiuno
|
| Edição: | 5 |
| Tags: |
Adicionar Tag
Sem tags, seja o primeiro a adicionar uma tag!
|
MARC
| LEADER | 00000 a a2200000 04500 | ||
|---|---|---|---|
| 001 | 24456 | ||
| 003 | |||
| 040 | |||
| 020 | |a 968-23-0399-0 | ||
| 090 | |a 166800 | ||
| 100 | |a Emmanuel, Arghiri | ||
| 245 | |a El Intercambio desigual | ||
| 250 | |a 5 | ||
| 260 | |a México D.F: |b Siglo Veintiuno | ||
| 300 | |a 472 p |b **no definido** |b fonodiscos | ||
| 999 | |c 854 |d 854 | ||



